000 00475nam a2200217Ia 4500
001 082871
003 YMCAF
005 20230512161358.0
008 100717s2002 ||||||||||||||||| ||und|d
024 _a82871
035 _a22331
040 _aYMCAF
_beng
_cIN-KoLT
041 _aeng
082 _a621.395
_bLEA
100 _aLeach, P Donald
245 0 _aDigital principles and applications
250 _a5th
260 _bTMH
_c2002
300 _a638
942 _2ddc
_cBK
999 _c8341
_d8341